00568nam a2200157 4500245009900000100002400099710002800123710001900151250001200170260004200182300002000224500001900244082002000263952011200283999001500395 aLyrical ballads 1798cWilliam Wordsworth and Samuel Taylor Coleridge ; edited by W. J. B. Owen aWordsworth, William aColeridge Samuel Taylor aOwen, W. J. B. a2nd ed. aLondonbOxford University Pressc1969 axl,179p.; 20cm. areprinted 1971 a821.05bWOR/COL 001040708ENGLaNEHUbNEHUd2011-11-18l0o821.05 WOR/COLpA1350r2011-11-18 00:00:00t,1w2011-11-18yBK c1071d1071